Statistics for Brazil 2022 FIFA World Cup Squad

Click here to take the quiz!

General Stats

  • This quiz has been taken 6,461 times
    (6,396 since last reset)
  • The average score is 17 of 27

Answer Stats

#PositionPlayer% Correct
10FWNeymar
98%
1GKAlisson Becker
93%
23GKEderson Moraes
91%
3DF ©Thiago Silva
87%
20FWVinícius Júnior
86%
9FWRicharlison
84%
5MFCasemiro
80%
4DFMarquinhos
80%
21FWRodrygo
71%
19FWGabriel Jesus
70%
7MFLucas Paquetá
68%
13DFDani Alves
66%
14DFÉder Militão
60%
18FWAntony
57%
6DFAlex Sandro
56%
2DFDanilo
56%
8MFFred
56%
11FWRaphinha
54%
24FWGabriel Martinelli
52%
15MFFabinho
51%
ManagerTite
45%
17MFBruno Guimarães
41%
12GKWeverton
41%
16DFAlex Telles
39%
22DFBremer
36%
25FWPedro
36%
26MFÉverton Ribeiro
22%

Score Distribution

Percentile by Number Answered

Percent of People with Each Score

Your Score History

You have not taken this quiz since the last reset